Personnalités dont le nom commence par la lettre L (par images) - Statistiques

Statistiques générales
  • Ce quiz a été pris 522 fois
  • Le résultat moyen est 13 sur 20
Statistiques - réponses
Par images Réponse % Correct
Alexandra Lamy
87%
Jean Lassalle
85%
Julien Lepers
81%
Marc Lavoine
81%
Grégory Lemarchal
79%
Karl Lagerfeld
76%
Vincent Lagaf'
76%
Thierry Lhermitte
74%
Nolwenn Leroy
73%
Gilles Lellouche
66%
Jennifer Lopez
66%
Bixente Lizarazu
62%
Valérie Lemercier
62%
Fabrice Luchini
56%
Michèle Laroque
50%
Jennifer Lawrence
48%
Matt Leblanc
48%
George Lucas
44%
Gérard Lanvin
35%
Christopher Lee
28%
Aucun quiz correspondant
Distribution des résultats
% des personnes avec chaque résultat
Percentile par nombre de réponses
Votre historique - résultats
Vous n’avez pas pris ce quiz